Luna Dile - Maisak - Estadísticas

Estadísticas generales
  • Esta prueba ha sido intentada 1.329 veces
  • La puntuación promedio es 85 de 338
Estadísticas de respuestas
Letra % Correcto
a
100%
b
67%
El
67%
el
67%
Es
67%
es
67%
la
67%
Me
67%
me
67%
mi
67%
no
67%
No
67%
por
67%
Por
67%
que
67%
qué
67%
Que
67%
Si
67%
si
67%
tu
67%
67%
67%
y
67%
Y
67%
de
33%
di
33%
Dile
33%
dile
33%
en
33%
está
33%
las
33%
Lo
33%
lo
33%
los
33%
nombre
33%
su
33%
Te
33%
te
33%
yo
33%
1
0%
abrí
0%
acaba
0%
ahora...
0%
alas
0%
algo
0%
algoritmo
0%
almas
0%
aman
0%
amor
0%
ansiedad
0%
así
0%
Ay
0%
Baje
0%
borra
0%
borraba
0%
borracho
0%
buscaré
0%
búsqueda
0%
cama
0%
carajos
0%
casa
0%
casi
0%
chat
0%
como
0%
con
0%
contigo
0%
cosas
0%
creo
0%
cuantas
0%
Cuántas
0%
decir
0%
del
0%
despedirme
0%
detener
0%
dímelo
0%
dio
0%
Dios
0%
dos
0%
efímero
0%
egoísta
0%
enamórate
0%
entiendo
0%
entonces
0%
entraste
0%
era
0%
escribirte
0%
están
0%
este
0%
existen
0%
extrañas
0%
faltó
0%
fluyo
0%
forzaré
0%
fue
0%
fui
0%
haga
0%
haré
0%
Hay
0%
hoy
0%
Igual
0%
juntas
0%
lado
0%
lista
0%
llamaré
0%
loco
0%
locura
0%
Luna
0%
luna
0%
memoria
0%
mismo
0%
muchas
0%
mujer
0%
nada
0%
noches
0%
nos
0%
número
0%
nunca
0%
olvide
0%
olvido
0%
ombe
0%
otra
0%
pa'
0%
palabras
0%
para
0%
Pensando
0%
Pero
0%
plan
0%
Porfa
0%
porque
0%
primero
0%
raro,
0%
sabes
0%
se
0%
seas
0%
Seguro
0%
siempre
0%
Sigue
0%
sólo
0%
sospecha
0%
suyo,
0%
Tengo
0%
terminó
0%
todavía
0%
todo
0%
Tomando
0%
tragas
0%
tuyo
0%
una
0%
veces
0%
ves
0%
vez
0%
vida
0%
vida,
0%
vino
0%
vio
0%
voy
0%
vuela
0%
vuelve
0%
No se encontraron pruebas coincidentes
Distribución de puntuación
Porcentaje de gente con cada puntuación
Porcentaje por número respondido
Historial de tus puntuaciones
No has intentado esta prueba.